|
|
|
|
| LEADER |
00000naa a2200000uu 4500 |
| 001 |
vtls010953627 |
| 003 |
SK-MaSNL |
| 005 |
20260302144506.0 |
| 008 |
210906|2001 xo |||||||||||||||||eng| |
| 015 |
|
|
|a SNBRA
|
| 035 |
|
|
|a (urnnbn)urn:nbn:sk:snk:ar-a0blrc
|
| 035 |
|
|
|a (uuid)9b7bbc43-836c-4b15-9ac4-003b4ce178e4
|
| 035 |
|
|
|a urn:nbn:sk:snk-aaudr3
|
| 040 |
|
|
|a SNKBUCL
|b slo
|c SNKBUCL
|e AACR2
|
| 041 |
0 |
|
|a eng
|
| 044 |
|
|
|a xo
|c SK
|
| 100 |
1 |
|
|a Masár, Ivan
|4 aut
|9 152898
|
| 245 |
1 |
0 |
|a VIRTUAL LABORATORY FOR REAL-TIME CONTROL USING MATLAB SOFTWARE PACKAGE
|c I. Masár, M. Abelovský
|
| 700 |
1 |
|
|a Abelovský, M.
|4 aut
|9 802827
|
| 773 |
0 |
|
|t Virtual University
|d V Bratislave : Slovenská technická univerzita, 2001
|g S. 116-122
|z 8022716529
|
| 958 |
|
|
|a OND
|
| 958 |
|
|
|a article11
|
| 958 |
|
|
|a chapter
|
| 999 |
|
|
|c 1349513
|d 1351443
|